[Event "NAYCC U14 w"]
[Site "Kingston CAN"]
[Date "2019.08.17"]
[Round "3.146"]
[White "Iver, Mantra"]
[Black "Changkachith, Alyssa"]
[Result "1-0"]
[WhiteElo "1708"]
[BlackElo "1518"]
[PlyCount "109"]
[EventDate "2019.08.16"]
[EventType "swiss"]
[EventRounds "9"]
[EventCountry "CAN"]

1. e4 d6 2. d4 Nf6 3. Nc3 g6 4. Nf3 Bg7 5. Bc4 O-O 6. O-O Nbd7 7. Bf4 h6 8. e5
dxe5 9. dxe5 Nh5 10. Qd2 g5 11. Bxg5 Nxe5 12. Nxe5 Qxd2 13. Bxd2 Bxe5 14. Bxh6
Rd8 15. Rfe1 Bd6 16. Ne4 Bf5 17. Nxd6 exd6 18. Re7 d5 19. Re5 Bg6 20. Rxd5 Rxd5
21. Bxd5 Bxc2 22. Bxb7 Rb8 23. Rc1 Rxb7 24. Rxc2 Nf6 25. b3 Ne8 26. Rc6 f6 27.
Ra6 Nd6 28. Be3 Rb5 29. Rxa7 Rd5 30. Kf1 Nb5 31. Ra8+ Kf7 32. Ke2 c5 33. Rc8
Nd4+ 34. Bxd4 cxd4 35. Kd3 Ke6 36. Rc4 Ke5 37. f4+ Kxf4 38. Rxd4+ Rxd4+ 39.
Kxd4 f5 40. a4 Kg4 41. a5 f4 42. a6 f3 43. gxf3+ Kxf3 44. a7 Kg4 45. a8=Q Kf5
46. Qe4+ Kg5 47. h4+ Kf6 48. Qe5+ Kg6 49. h5+ Kf7 50. h6 Kg6 51. Qg7+ Kf5 52.
h7 Kf4 53. h8=Q Kf5 54. Qhf8+ Ke6 55. Qff6# 1-0

[Event "NAYCC U14 w"]
[Site "Kingston CAN"]
[Date "2019.08.17"]
[Round "3.147"]
[White "Guo, Hazel"]
[Black "Xie, Joanna"]
[Result "1-0"]
[WhiteElo "1508"]
[BlackElo "1487"]
[PlyCount "111"]
[EventDate "2019.08.16"]
[EventType "swiss"]
[EventRounds "9"]
[EventCountry "CAN"]

1. e4 e5 2. Nf3 Nc6 3. d4 exd4 4. Bc4 Bc5 5. Ng5 Ne5 6. Nxf7 Nxf7 7. Bxf7+ Kxf7
8. Qh5+ g6 9. Qxc5 Qe7 10. Qxd4 Nf6 11. Nc3 Re8 12. Bg5 c6 13. O-O Qe5 14. Bxf6
Kxf6 15. Qd3 Kg7 16. f4 Qc5+ 17. Kh1 b5 18. e5 Rf8 19. Rae1 Qb4 20. Qg3 Qxb2
21. f5 Qa3 22. f6+ Kh8 23. Rf3 Bb7 24. Ne4 Qxa2 25. Qh4 Qg8 26. Qh6 c5 27. Rh3
Bxe4 28. Rxe4 Rae8 29. Reh4 Rf7 30. Qe3 d6 31. Rxh7+ Rxh7 32. Rxh7+ Qxh7 33. e6
Qh5 34. h3 g5 35. f7 Rc8 36. Qc3+ Kh7 37. Qd3+ Qg6 38. e7 Qxd3 39. cxd3 b4 40.
e8=Q Rxe8 41. fxe8=Q a5 42. Qd7+ Kg8 43. Qd8+ Kf7 44. Qxa5 Ke6 45. Qb5 Ke5 46.
g3 Kd5 47. h4 gxh4 48. gxh4 Kd4 49. Qc4+ Ke3 50. h5 Kd2 51. h6 d5 52. Qxd5 Kc3
53. Qxc5+ Kb3 54. h7 Ka4 55. h8=Q b3 56. Qa8# 1-0

[Event "NAYCC U14 w"]
[Site "Kingston CAN"]
[Date "2019.08.17"]
[Round "3.148"]
[White "Irfan, Zakia"]
[Black "Bilodeau-Savaria, Sandy-Rose"]
[Result "0-1"]
[WhiteElo "974"]
[BlackElo "1436"]
[PlyCount "116"]
[EventDate "2019.08.16"]
[EventType "swiss"]
[EventRounds "9"]
[EventCountry "CAN"]

1. d4 d5 2. Bf4 e6 3. e3 Nf6 4. Nf3 c5 5. c3 Be7 6. Nbd2 O-O 7. Be2 Nbd7 8. O-O
h6 9. h3 a6 10. Qc2 b5 11. a3 Bb7 12. Rfb1 Qb6 13. b4 c4 14. a4 Bd6 15. a5 Qc7
16. Bxd6 Qxd6 17. Nh2 e5 18. Ng4 exd4 19. exd4 Nxg4 20. Bxg4 Nf6 21. Bf3 Rfe8
22. Re1 Re6 23. Re2 Rae8 24. Rae1 Bc8 25. Rxe6 fxe6 26. Qg6 Qe7 27. g4 Qf7 28.
Qxf7+ Kxf7 29. h4 g5 30. hxg5 hxg5 31. Kg2 Nd7 32. Kg3 Bb7 33. Bg2 e5 34. dxe5
Nxe5 35. f4 gxf4+ 36. Kxf4 Nd3+ 37. Kf5 Rxe1 38. g5 Re2 39. Nxc4 bxc4 40. g6+
Kg7 41. Bh3 Re5+ 42. Kg4 Nf2+ 43. Kf4 Re4+ 44. Kg3 Nxh3 45. Kxh3 Kxg6 46. Kg3
Kf5 47. Kf3 d4 48. cxd4 Rxd4+ 49. Ke3 Ke5 50. Ke2 c3 51. Ke3 c2 52. Ke2 c1=Q
53. b5 Qc2+ 54. Ke3 Qe4+ 55. Kf2 Qf4+ 56. Ke2 Rd2+ 57. Ke1 Qe3+ 58. Kf1 Qf2#
0-1

[Event "NAYCC U14 w"]
[Site "Kingston CAN"]
[Date "2019.08.17"]
[Round "3.149"]
[White "Sandoval Rivera, Alejandra"]
[Black "D'Souza, Carina"]
[Result "1/2-1/2"]
[WhiteElo "1530"]
[BlackElo "1273"]
[PlyCount "42"]
[EventDate "2019.08.16"]
[EventType "swiss"]
[EventRounds "9"]
[EventCountry "CAN"]

1. d4 Nf6 2. Bf4 g6 3. e3 Bg7 4. Nf3 O-O 5. Be2 d6 6. h3 c5 7. c3 Qb6 8. Qc1
Nh5 9. Bh2 Nc6 10. Nbd2 Nf6 11. O-O Bd7 12. Rd1 cxd4 13. exd4 Qd8 14. Nb3 Rb8
15. a4 Na5 16. Nxa5 Qxa5 17. Qc2 Bf5 18. Qb3 Be6 19. Qc2 Bf5 20. Qb3 Be6 21.
Qc2 Bf5 1/2-1/2

[Event "NAYCC U14 w"]
[Site "Kingston CAN"]
[Date "2019.08.17"]
[Round "3.150"]
[White "Shen, Isamel"]
[Black "Lucero, Amalie"]
[Result "1-0"]
[WhiteElo "1542"]
[BlackElo "1051"]
[PlyCount "77"]
[EventDate "2019.08.16"]
[EventType "swiss"]
[EventRounds "9"]
[EventCountry "CAN"]

1. e4 e5 2. Nf3 Nc6 3. Bb5 Nf6 4. O-O Nxe4 5. Re1 Nf6 6. Nxe5 Nxe5 7. Rxe5+ Be7
8. d4 c6 9. Ba4 O-O 10. Bg5 h6 11. Bh4 d5 12. Qe2 Bd6 13. Re3 Re8 14. Bxf6 Rxe3
15. fxe3 Qxf6 16. Nd2 Bd7 17. Rf1 Qg6 18. c3 Re8 19. Qf2 Qe6 20. Re1 Qg6 21.
Nf3 Qh5 22. Bd1 Qg6 23. Bc2 Qf6 24. Rf1 Qe7 25. Ne5 Be6 26. Nf3 Bd7 27. Re1 Qf6
28. e4 dxe4 29. Bxe4 Rf8 30. Qe2 Re8 31. Ne5 Be6 32. c4 Rf8 33. Bc2 Rd8 34. Qe4
Kf8 35. Rf1 Qe7 36. Ng6+ Ke8 37. Nxe7 Kxe7 38. d5 cxd5 39. cxd5 1-0

[Event "NAYCC U14 w"]
[Site "Kingston CAN"]
[Date "2019.08.17"]
[Round "3.151"]
[White "Wang, Sophia"]
[Black "Myrzaibraimova, Aibike"]
[Result "0-1"]
[WhiteElo "1151"]
[BlackElo "1537"]
[PlyCount "64"]
[EventDate "2019.08.16"]
[EventType "swiss"]
[EventRounds "9"]
[EventCountry "CAN"]

1. e4 e6 2. d4 d5 3. exd5 exd5 4. Nf3 Bd6 5. Bd3 Ne7 6. h3 O-O 7. O-O Bf5 8.
Nc3 c6 9. Bg5 f6 10. Bh4 Qc7 11. Kh1 g5 12. Nxg5 fxg5 13. Bxg5 Bxd3 14. Qxd3
Ng6 15. h4 Bf4 16. Bxf4 Qxf4 17. g3 Qf3+ 18. Qxf3 Rxf3 19. Ne2 Nd7 20. Ng1 Rf7
21. Nh3 Nf6 22. Ng5 Re7 23. Rae1 Rae8 24. Rxe7 Rxe7 25. f4 Re2 26. Rc1 Ne4 27.
Nxe4 dxe4 28. b4 Ne7 29. a4 Nf5 30. g4 Nxh4 31. c3 Nf3 32. Rg1 Rh2# 0-1

[Event "NAYCC U14 w"]
[Site "Kingston CAN"]
[Date "2019.08.17"]
[Round "3.152"]
[White "Liao, Yilin"]
[Black "Irfan, Sabia"]
[Result "1-0"]
[WhiteElo "1485"]
[BlackElo "874"]
[PlyCount "67"]
[EventDate "2019.08.16"]
[EventType "swiss"]
[EventRounds "9"]
[EventCountry "CAN"]

1. e4 e5 2. Nf3 Nc6 3. Bc4 f6 4. Nc3 Bc5 5. O-O Nge7 6. d3 d6 7. h3 h6 8. Be3
Bd4 9. Bxd4 Nxd4 10. Nxd4 exd4 11. Nd5 Bd7 12. Nf4 c5 13. Qh5+ g6 14. Nxg6 Qb6
15. Nxh8+ Kd8 16. Nf7+ Kc7 17. Rab1 Bb5 18. Bxb5 Qxb5 19. Qxh6 Ng8 20. Qf4 Qd7
21. Nh6 Nxh6 22. Qxh6 Qe6 23. Qh7+ Kb6 24. Qf5 Qf7 25. c3 Rg8 26. Qd5 Qg7 27.
Qxd6+ Kb5 28. g3 b6 29. cxd4 cxd4 30. Qxd4 Rh8 31. Qc4+ Ka5 32. b4+ Ka4 33. b5+
Ka5 34. Qb4# 1-0

[Event "NAYCC U14 w"]
[Site "Kingston CAN"]
[Date "2019.08.17"]
[Round "4.143"]
[White "Parikh, Ananya"]
[Black "Cao, Joy"]
[Result "0-1"]
[WhiteElo "1625"]
[BlackElo "1905"]
[PlyCount "126"]
[EventDate "2019.08.16"]
[EventType "swiss"]
[EventRounds "9"]
[EventCountry "CAN"]

1. e4 c5 2. Nf3 e6 3. d4 cxd4 4. Nxd4 Nf6 5. Nc3 Bb4 6. Qd3 O-O 7. a3 Bxc3+ 8.
bxc3 d5 9. e5 Ne4 10. g3 Qc7 11. Nb5 Qc6 12. Bd2 Nd7 13. Nd4 Qb6 14. f4 Ndc5
15. Qb5 Qxb5 16. Nxb5 Nxd2 17. Kxd2 Ne4+ 18. Ke3 a6 19. Nc7 Ra7 20. c4 b6 21.
cxd5 Rxc7 22. Kxe4 exd5+ 23. Kd3 Bf5+ 24. Kd4 Be4 25. Rg1 Rxc2 26. Bxa6 Ra8 27.
Bb5 Rxh2 28. Rac1 g6 29. a4 h5 30. Bc6 Rd8 31. Bb5 h4 32. gxh4 Rxh4 33. Ke3 Bf5
34. Rh1 Rxh1 35. Rxh1 d4+ 36. Kd2 Rc8 37. Rc1 Rxc1 38. Kxc1 Kg7 39. Kd2 g5 40.
Bd3 Kg6 41. fxg5 Kxg5 42. Bc4 Kf4 43. Bxf7 Kxe5 44. Be8 Kd5 45. Bh5 Kc5 46. Be8
Kb4 47. Bb5 Be4 48. Be8 Kc5 49. Bh5 Bc6 50. Bd1 Kb4 51. Kd3 Bxa4 52. Bg4 Kc5
53. Kd2 b5 54. Bd7 Bb3 55. Kd3 Bc4+ 56. Kc2 b4 57. Ba4 d3+ 58. Kd2 Kd4 59. Bd1
b3 60. Kc1 Kc3 61. Bf3 d2+ 62. Kd1 b2 63. Be4 Bb3+ 0-1

[Event "NAYCC U14 w"]
[Site "Kingston CAN"]
[Date "2019.08.17"]
[Round "4.144"]
[White "Qiao, Joey"]
[Black "Wisniowski, Natalie"]
[Result "1/2-1/2"]
[WhiteElo "1681"]
[BlackElo "1901"]
[PlyCount "79"]
[EventDate "2019.08.16"]
[EventType "swiss"]
[EventRounds "9"]
[EventCountry "CAN"]

1. e4 e5 2. Nf3 Nf6 3. d3 Nc6 4. Nc3 d5 5. Bg5 Be7 6. Bxf6 Bxf6 7. Nxd5 Be6 8.
Nc3 O-O 9. Be2 Be7 10. O-O a6 11. Qd2 f5 12. Rfd1 Qd7 13. d4 exd4 14. Nxd4 Rad8
15. Nxc6 Qxc6 16. Nd5 Qd7 17. Nxe7+ Qxe7 18. Qe3 Rde8 19. exf5 Bxf5 20. Bc4+
Kh8 21. Qxe7 Rxe7 22. Bd3 Bxd3 23. Rxd3 Re2 24. Rc1 Rexf2 25. Rd7 R2f7 26. Rcd1
g6 27. Rxf7 Rxf7 28. Rd2 Kg7 29. c3 b6 30. h3 g5 31. Rd3 h6 32. Rd2 Kg6 33. Rd3
c5 34. Rd5 Rf5 35. Rd6+ Rf6 36. Rd5 a5 37. g3 h5 38. Kg2 Rf5 39. Rd6+ Rf6 40.
Rd5 1/2-1/2

[Event "NAYCC U14 w"]
[Site "Kingston CAN"]
[Date "2019.08.17"]
[Round "4.145"]
[White "Tsukerman, Julia"]
[Black "Ke, Rianne"]
[Result "1/2-1/2"]
[WhiteElo "1830"]
[BlackElo "2062"]
[PlyCount "112"]
[EventDate "2019.08.16"]
[EventType "swiss"]
[EventRounds "9"]
[EventCountry "CAN"]

1. e4 c5 2. Nf3 d6 3. d4 cxd4 4. Nxd4 Nf6 5. Nc3 g6 6. f4 Nc6 7. Nf3 Bg4 8. h3
Bxf3 9. Qxf3 Bg7 10. Bd3 O-O 11. O-O Nd7 12. Nd5 e6 13. Ne3 Nd4 14. Qf2 f5 15.
exf5 exf5 16. c3 Nc6 17. Nd5 Nc5 18. Bc2 Re8 19. Be3 Ne4 20. Qf3 Kh8 21. Rad1
Ne7 22. Bd4 Bxd4+ 23. Rxd4 Nxd5 24. Rxd5 Qb6+ 25. Kh2 Qxb2 26. Bxe4 fxe4 27.
Qe3 Qb6 28. Qxb6 axb6 29. Rxd6 e3 30. Rxb6 Rxa2 31. Rxb7 Rd8 32. Re7 Rdd2 33.
Rg1 e2 34. Re1 Rdc2 35. Re3 Kg7 36. Kg3 Ra3 37. R1xe2 Rxe2 38. Rxe2 Rxc3+ 39.
Kg4 Kf6 40. Re4 Rc2 41. g3 Rc3 42. Ra4 Rb3 43. Ra6+ Kg7 44. Ra7+ Kh6 45. Ra4
Kg7 46. Kh4 Rb7 47. Ra6 Rf7 48. Rb6 Kh6 49. Rb4 Kg7 50. g4 h6 51. Rc4 Kh7 52.
g5 h5 53. Kg3 Rd7 54. Re4 Rd3+ 55. Kg2 Kg7 56. Re7+ Kf8 1/2-1/2

[Event "NAYCC U14 w"]
[Site "Kingston CAN"]
[Date "2019.08.17"]
[Round "4.146"]
[White "Bilodeau-Savaria, Sandy-Rose"]
[Black "Guo, Hazel"]
[Result "0-1"]
[WhiteElo "1436"]
[BlackElo "1508"]
[PlyCount "110"]
[EventDate "2019.08.16"]
[EventType "swiss"]
[EventRounds "9"]
[EventCountry "CAN"]

1. d4 e6 2. c4 d5 3. Nf3 f5 4. Nc3 Nf6 5. e3 c6 6. Be2 Bd6 7. O-O O-O 8. b3
Nbd7 9. Bb2 Qc7 10. cxd5 exd5 11. g3 Ne4 12. Nxe4 fxe4 13. Nd2 Nf6 14. f3 exf3
15. Bxf3 Bh3 16. Bg2 Bxg2 17. Kxg2 Nd7 18. e4 Rxf1 19. Qxf1 Bb4 20. Qe2 Bxd2
21. Qxd2 dxe4 22. Qg5 Nf6 23. Rf1 Nd5 24. Rf5 h6 25. Qd2 Qd7 26. Re5 Re8 27.
Qe2 Rxe5 28. dxe5 Qf5 29. Qf2 Qxf2+ 30. Kxf2 Kf7 31. g4 Ke6 32. a3 g6 33. h3
Nf4 34. Ke3 Nxh3 35. Kxe4 Nf2+ 36. Kf3 Nd3 37. Bd4 Nxe5+ 38. Ke4 Nxg4 39. Bxa7
Nf6+ 40. Kf3 h5 41. Bf2 g5 42. a4 g4+ 43. Kf4 Kd5 44. Kf5 Ne4 45. Be3 g3 46.
Kf4 g2 47. Kf3 Nd2+ 48. Kxg2 Nxb3 49. Kf2 Nc5 50. a5 Nb3 51. Bb6 c5 52. Ke2 h4
53. Kf3 c4 54. Kg4 c3 55. Kxh4 Nd4 0-1

[Event "NAYCC U14 w"]
[Site "Kingston CAN"]
[Date "2019.08.17"]
[Round "4.147"]
[White "D'Souza, Carina"]
[Black "Iver, Mantra"]
[Result "0-1"]
[WhiteElo "1273"]
[BlackElo "1708"]
[PlyCount "110"]
[EventDate "2019.08.16"]
[EventType "swiss"]
[EventRounds "9"]
[EventCountry "CAN"]

1. e4 c6 2. d4 d5 3. exd5 cxd5 4. c4 Nf6 5. Nc3 Nc6 6. Nf3 Bg4 7. Be3 e6 8. h3
Bh5 9. Qd2 Bb4 10. cxd5 Nxd5 11. Bb5 Qd6 12. a3 Bxc3 13. bxc3 Nxe3 14. Qxe3 O-O
15. O-O Rac8 16. Rfc1 Ne7 17. c4 Nf5 18. Qe5 Qxe5 19. dxe5 Bxf3 20. gxf3 Nd4
21. Rd1 Nxf3+ 22. Kg2 Nxe5 23. Rab1 a6 24. Bd7 Rc7 25. Ba4 Rxc4 26. Bb3 Rc7 27.
Rbc1 Rxc1 28. Rxc1 Nc6 29. Ba4 Rc8 30. Rd1 Rd8 31. Rc1 Rd6 32. Bxc6 Rxc6 33.
Rd1 g6 34. Rd7 Rc3 35. Rxb7 Rxa3 36. f3 a5 37. Kg3 a4 38. Kg4 Ra1 39. Kg5 Kg7
40. Kh4 a3 41. Ra7 a2 42. f4 h6 43. Ra5 Kf6 44. Ra4 Kf5 45. Ra5+ Ke4 46. Ra3
Kd4 47. Ra7 Ke3 48. Ra3+ Kf2 49. Ra5 g5+ 50. fxg5 hxg5+ 51. Kh5 g4 52. Ra3 gxh3
53. Rxh3 Rg1 54. Rc3 a1=Q 55. Rc2+ Ke1 0-1

[Event "NAYCC U14 w"]
[Site "Kingston CAN"]
[Date "2019.08.17"]
[Round "4.148"]
[White "Szeto, Sophie"]
[Black "Shen, Isamel"]
[Result "1-0"]
[WhiteElo "1401"]
[BlackElo "1542"]
[PlyCount "43"]
[EventDate "2019.08.16"]
[EventType "swiss"]
[EventRounds "9"]
[EventCountry "CAN"]

1. e4 e5 2. Nf3 Nc6 3. Bc4 Bc5 4. b4 Bxb4 5. c3 Ba5 6. d4 exd4 7. O-O Nge7 8.
cxd4 d5 9. exd5 Nxd5 10. Qb3 Nce7 11. Ba3 Be6 12. Bxe7 Nxe7 13. Bxe6 fxe6 14.
Qxe6 Qd6 15. Qb3 Qd5 16. Qe3 Bb4 17. a3 Bd6 18. Nc3 Qf5 19. Rab1 b6 20. Nb5 Qd5
21. Rfe1 c6 22. Nc7+ 1-0

[Event "NAYCC U14 w"]
[Site "Kingston CAN"]
[Date "2019.08.17"]
[Round "4.149"]
[White "Xie, Joanna"]
[Black "Sandoval Rivera, Alejandra"]
[Result "0-1"]
[WhiteElo "1487"]
[BlackElo "1530"]
[PlyCount "144"]
[EventDate "2019.08.16"]
[EventType "swiss"]
[EventRounds "9"]
[EventCountry "CAN"]

1. e4 Nf6 2. Nc3 d5 3. e5 Nfd7 4. d4 e6 5. Nf3 c5 6. Ne2 Nc6 7. c3 Be7 8. Be3
b5 9. Nf4 b4 10. Bd3 bxc3 11. bxc3 cxd4 12. cxd4 Bb4+ 13. Bd2 Qa5 14. Ne2 Bxd2+
15. Qxd2 Qxd2+ 16. Nxd2 Nb4 17. Bb1 Ba6 18. Nf4 Rc8 19. Nb3 Nc2+ 20. Bxc2 Rxc2
21. Nc1 O-O 22. Nfe2 Rb8 23. Nf4 Rbb2 24. Nfd3 Bxd3 25. Nxd3 Re2+ 26. Kf1 Rxa2
27. Rc1 Rec2 28. Ke1 Rxc1+ 29. Nxc1 Ra4 30. f4 Rxd4 31. Ne2 Rc4 32. Kd2 a5 33.
Ra1 Nc5 34. Rb1 g6 35. g3 a4 36. Nc3 Ne4+ 37. Nxe4 Rxe4 38. Rb8+ Kg7 39. Ra8 h6
40. h4 Rb4 41. Ke2 Re4+ 42. Kd3 g5 43. hxg5 hxg5 44. fxg5 Rxe5 45. Rxa4 Rxg5
46. g4 f5 47. gxf5 Rxf5 48. Rg4+ Kf6 49. Kd4 Rf1 50. Rh4 Rd1+ 51. Ke3 Kg5 52.
Rb4 e5 53. Rb5 e4 54. Rb3 Kf5 55. Ke2 Rh1 56. Rb5 Ke5 57. Ke3 Rh3+ 58. Ke2 Kd4
59. Ra5 Rh2+ 60. Ke1 e3 61. Ra4+ Kd3 62. Ra3+ Ke4 63. Ra4+ Kf3 64. Kd1 e2+ 65.
Kd2 Rh1 66. Ra3+ Kf2 67. Re3 Rd1+ 68. Kc2 Kxe3 69. Kc3 e1=Q+ 70. Kb3 Rd3+ 71.
Ka4 Qb1 72. Ka5 Ra3# 0-1

[Event "NAYCC U14 w"]
[Site "Kingston CAN"]
[Date "2019.08.17"]
[Round "4.150"]
[White "He, Jiaqi"]
[Black "Irfan, Zakia"]
[Result "1-0"]
[WhiteElo "1483"]
[BlackElo "974"]
[PlyCount "43"]
[EventDate "2019.08.16"]
[EventType "swiss"]
[EventRounds "9"]
[EventCountry "CAN"]

1. e4 e5 2. Nf3 Nf6 3. Nc3 Nc6 4. Bb5 d6 5. h3 Bd7 6. O-O a6 7. Bc4 Be7 8. Re1
b5 9. Bb3 h6 10. d3 b4 11. Ne2 Na5 12. c3 Qb8 13. Bc2 c5 14. Ng3 Rg8 15. d4 Nc6
16. Ba4 Qb6 17. Bxc6 Bxc6 18. dxe5 dxe5 19. Nxe5 Rd8 20. Qb3 Rf8 21. Nf5 Bxe4
22. Nxg7# 1-0

[Event "NAYCC U14 w"]
[Site "Kingston CAN"]
[Date "2019.08.17"]
[Round "4.151"]
[White "Myrzaibraimova, Aibike"]
[Black "Changkachith, Alyssa"]
[Result "1-0"]
[WhiteElo "1537"]
[BlackElo "1518"]
[PlyCount "125"]
[EventDate "2019.08.16"]
[EventType "swiss"]
[EventRounds "9"]
[EventCountry "CAN"]

1. e4 d6 2. d4 Nf6 3. Nc3 g6 4. Bd3 Bg7 5. Bf4 O-O 6. Nge2 Nbd7 7. Qd2 e5 8.
Bh6 Re8 9. f3 c6 10. O-O-O b5 11. g4 a5 12. d5 b4 13. Na4 c5 14. h4 Nb6 15.
Nxb6 Qxb6 16. h5 a4 17. hxg6 fxg6 18. Bxg7 b3 19. a3 bxc2 20. Bxc2 Re7 21. Bxf6
Rb7 22. Bxa4 Rxa4 23. Nc3 Ra8 24. Qc2 Bd7 25. Rxh7 Rab8 26. Rh8+ Kf7 27. Rxb8
Rxb8 28. Bg5 Rh8 29. Rf1 Bc8 30. f4 Ba6 31. Rf2 Rh1+ 32. Nd1 exf4 33. Rxf4+ Ke8
34. Qa4+ Qb5 35. Qc2 Kd7 36. Rf7+ Kc8 37. Rf6 Qe2 38. Rxd6 Qxc2+ 39. Kxc2 Be2
40. Ne3 Rh2 41. Kc3 Rh3 42. Rxg6 Bxg4 43. Rc6+ Kd7 44. Rxc5 Ke8 45. b4 Bf3 46.
d6 Kd7 47. Kd4 Kxd6 48. b5 Be2 49. Bf4+ Kd7 50. b6 Ba6 51. b7 Bxb7 52. Rc7+ Ke6
53. Rxb7 Rh5 54. Rb6+ Kd7 55. e5 Rh7 56. Rb7+ Kc6 57. Rxh7 Kb5 58. Rc7 Ka4 59.
Rb7 Kxa3 60. Kc4 Ka2 61. Kc3 Ka1 62. Kc2 Ka2 63. Ra7# 1-0

[Event "NAYCC U14 w"]
[Site "Kingston CAN"]
[Date "2019.08.17"]
[Round "4.152"]
[White "Liao, Yilin"]
[Black "Wang, Sophia"]
[Result "1-0"]
[WhiteElo "1485"]
[BlackElo "1151"]
[PlyCount "131"]
[EventDate "2019.08.16"]
[EventType "swiss"]
[EventRounds "9"]
[EventCountry "CAN"]

1. e4 e6 2. d4 d5 3. Nd2 dxe4 4. Nxe4 Nd7 5. Nf3 Ngf6 6. Nxf6+ Nxf6 7. Bg5 Be7
8. Bd3 h6 9. Bh4 O-O 10. Ne5 Nd5 11. Bxe7 Qxe7 12. O-O b6 13. Qg4 Nf6 14. Qf3
Rb8 15. Nc6 Qd6 16. Nxb8 Nd5 17. Qe4 f5 18. Qe5 Qxe5 19. dxe5 Nb4 20. a3 Nxd3
21. cxd3 Bb7 22. Nd7 Rd8 23. Nxb6 cxb6 24. Rfd1 Ba6 25. d4 Bb7 26. Rac1 Rd7 27.
f4 g5 28. g3 gxf4 29. gxf4 Rg7+ 30. Kf1 Ba6+ 31. Kf2 Bb7 32. Rg1 Rxg1 33. Rxg1+
Kf7 34. Ke3 a5 35. h4 Bc6 36. Kd3 b5 37. Kc3 Bd5 38. h5 Bf3 39. Rg6 Bxh5 40.
Rxh6 Be2 41. Rh7+ Ke8 42. Ra7 a4 43. Kb4 Kd8 44. Kc5 Bc4 45. Rb7 Kc8 46. Rxb5
Bxb5 47. Kxb5 Kc7 48. Kc5 Kc8 49. Kd6 Kd8 50. Kxe6 Ke8 51. d5 Kf8 52. Kxf5 Kf7
53. e6+ Ke7 54. Ke5 Ke8 55. d6 Kd8 56. e7+ Kd7 57. Kf6 Ke8 58. d7+ Kxd7 59. Kf7
Kd6 60. e8=Q Kc5 61. Qxa4 Kd5 62. Qb4 Kc6 63. Ke6 Kc7 64. Qb5 Kc8 65. Kd6 Kd8
66. Qd7# 1-0

[Event "NAYCC U14 w"]
[Site "Kingston CAN"]
[Date "2019.08.17"]
[Round "4.153"]
[White "Lucero, Amalie"]
[Black "Irfan, Sabia"]
[Result "0-1"]
[WhiteElo "1051"]
[BlackElo "874"]
[PlyCount "96"]
[EventDate "2019.08.16"]
[EventType "swiss"]
[EventRounds "9"]
[EventCountry "CAN"]

1. e4 e5 2. Nf3 Nf6 3. Nxe5 d6 4. Nf3 Nxe4 5. d4 d5 6. Bd3 Nc6 7. Bb5 Bd7 8.
Nfd2 Qf6 9. Nxe4 dxe4 10. Be3 O-O-O 11. Nc3 Bb4 12. O-O Bxc3 13. bxc3 Qg6 14.
Re1 a6 15. Bc4 Be6 16. Bxe6+ fxe6 17. Rb1 Ne5 18. h3 Nf3+ 19. Kf1 Nxe1 20. Qxe1
Rhf8 21. Ke2 Qh5+ 22. Kd2 e5 23. Kc1 exd4 24. Bxd4 Qg5+ 25. Kb2 Qxg2 26. Be3
Qxh3 27. Rd1 Rxd1 28. Qxd1 Qd7 29. Qh5 Qb5+ 30. Qxb5 axb5 31. Kc1 h5 32. Kd1 h4
33. Ke1 h3 34. Kf1 h2 35. Kg2 Rh8 36. Kh1 Rh5 37. a3 g5 38. Bd2 g4 39. Bf4 Rf5
40. Bxh2 Rxf2 41. Kg1 Rxc2 42. Be5 Kd7 43. Kf1 c6 44. Ke1 Ke6 45. Bd4 Kd5 46.
Be3 Rxc3 47. Bf4 Rxa3 48. Kf2 Rf3+ 0-1

[Event "NAYCC U14 w"]
[Site "Kingston CAN"]
[Date "2019.08.18"]
[Round "5.143"]
[White "Cao, Joy"]
[Black "Ke, Rianne"]
[Result "0-1"]
[WhiteElo "1905"]
[BlackElo "2062"]
[PlyCount "98"]
[EventDate "2019.08.16"]
[EventType "swiss"]
[EventRounds "9"]
[EventCountry "CAN"]

1. e4 c5 2. Nf3 d6 3. Bb5+ Bd7 4. Bxd7+ Qxd7 5. O-O Nc6 6. c3 Nf6 7. d4 cxd4 8.
cxd4 Nxe4 9. d5 Ne5 10. Re1 Nxf3+ 11. Qxf3 Nf6 12. Bg5 Qg4 13. Qxg4 Nxg4 14.
Nc3 h6 15. Bh4 g5 16. Bg3 Kd7 17. Rac1 Bg7 18. Rc2 Bxc3 19. bxc3 Rac8 20. Rce2
Rhe8 21. Rb2 b6 22. Rb4 Nf6 23. c4 Rc7 24. h4 Rec8 25. hxg5 hxg5 26. Ra4 Rxc4
27. Rxa7+ R4c7 28. Rxc7+ Rxc7 29. Rd1 Rc5 30. f4 gxf4 31. Bxf4 Nxd5 32. Bg3 Nc3
33. Rd2 Ne4 34. Rd3 Rc3 35. Rxc3 Nxc3 36. Bf2 Kc6 37. a3 e5 38. Be1 Na4 39. Kf2
Kd5 40. Ke3 Nb2 41. Bb4 Nc4+ 42. Kf3 b5 43. g3 f5 44. Ke2 Ke4 45. Kf2 d5 46.
Ke2 d4 47. Be7 d3+ 48. Kf2 Kd4 49. Bb4 e4 0-1

[Event "NAYCC U14 w"]
[Site "Kingston CAN"]
[Date "2019.08.18"]
[Round "5.144"]
[White "Wisniowski, Natalie"]
[Black "Guo, Hazel"]
[Result "1-0"]
[WhiteElo "1901"]
[BlackElo "1508"]
[PlyCount "81"]
[EventDate "2019.08.16"]
[EventType "swiss"]
[EventRounds "9"]
[EventCountry "CAN"]

1. d4 e6 2. c4 d5 3. Nf3 f5 4. Qc2 Nf6 5. Bf4 Bd6 6. e3 c6 7. Bd3 O-O 8. Nc3
Qe7 9. O-O Ne4 10. c5 Bxf4 11. exf4 Nd7 12. b4 Qf6 13. Ne2 Qh6 14. Ne5 Nef6 15.
f3 Kh8 16. Rf2 Ng8 17. b5 Ne7 18. a4 Nxe5 19. dxe5 Bd7 20. g3 a6 21. bxa6 bxa6
22. Rb1 Qh5 23. a5 Qe8 24. Rb6 Qc8 25. Nd4 Qc7 26. Bxa6 Rfb8 27. Qd3 Nc8 28.
Bxc8 Qxc8 29. Rfb2 Rxb6 30. axb6 Qb7 31. Qe2 Ra5 32. Ra2 Rxc5 33. Ra7 Qb8 34.
Qa6 Bc8 35. Ra8 h6 36. Rxb8 Kh7 37. Qxc8 Rc4 38. Qg8+ Kg6 39. Qxe6+ Kh5 40.
Qxf5+ g5 41. Qf7# 1-0

[Event "NAYCC U14 w"]
[Site "Kingston CAN"]
[Date "2019.08.18"]
[Round "5.145"]
[White "Iver, Mantra"]
[Black "Qiao, Joey"]
[Result "1/2-1/2"]
[WhiteElo "1708"]
[BlackElo "1681"]
[PlyCount "65"]
[EventDate "2019.08.16"]
[EventType "swiss"]
[EventRounds "9"]
[EventCountry "CAN"]

1. e4 e5 2. Nf3 Nc6 3. Bb5 a6 4. Ba4 Nf6 5. d3 b5 6. Bb3 Be7 7. a3 d6 8. O-O
O-O 9. Nbd2 Be6 10. Bxe6 fxe6 11. c3 d5 12. Qb3 Kh8 13. exd5 exd5 14. Re1 Bd6
15. Nf1 e4 16. dxe4 Nxe4 17. Be3 Ne7 18. N1d2 Nc5 19. Qc2 Nf5 20. Bxc5 Bxc5 21.
Re5 Qd7 22. Qd3 Rad8 23. Rf1 Bd6 24. Re2 Rde8 25. Rxe8 Rxe8 26. Re1 Rxe1+ 27.
Nxe1 Qe6 28. Nef3 h6 29. g3 c6 30. Kg2 Bc7 31. Nd4 Nxd4 32. Qxd4 a5 33. Qa7
1/2-1/2

[Event "NAYCC U14 w"]
[Site "Kingston CAN"]
[Date "2019.08.18"]
[Round "5.146"]
[White "Tsukerman, Julia"]
[Black "Szeto, Sophie"]
[Result "1-0"]
[WhiteElo "1830"]
[BlackElo "1401"]
[PlyCount "59"]
[EventDate "2019.08.16"]
[EventType "swiss"]
[EventRounds "9"]
[EventCountry "CAN"]

1. e4 c5 2. Nf3 d6 3. d4 cxd4 4. Nxd4 Nf6 5. Nc3 g6 6. f4 Bg7 7. e5 dxe5 8.
fxe5 Nd5 9. Bb5+ Kf8 10. Bc4 e6 11. O-O Bxe5 12. Nxe6+ Bxe6 13. Nxd5 Qh4 14.
Bf4 Bxf4 15. Rxf4 Qg5 16. Qf3 h5 17. Rf1 Rh7 18. Kh1 Bxd5 19. Bxd5 f5 20. Bxb7
Nd7 21. Bxa8 Ne5 22. Qa3+ Kg8 23. Bd5+ Kg7 24. Qxa7+ Kh6 25. Qb8 Nd7 26. Qd6
Nf6 27. h4 Qg3 28. Qxf6 Rc7 29. Bf7 Rxc2 30. Qh8# 1-0